Horse theft : prevention handbook /

Bibliographic Details
Main Author: Donald, J. Amelita
Format: Book
Language:English
Published: Lexington, KY : The Blood Horse, Inc., 1999.
Edition:First edition.
Series:Horse health care library.
Subjects:

MARC

Tag First Indicator Second Indicator Subfields
LEADER 00000cam a2200000Ia 4500
001 in00004481021
005 20191203081827.0
008 990714s1999 kyua 000 0 eng d
020 |a 1581500211 
035 |a (OCoLC)ocm41874272 
035 |z (UtOrBLW)28176 
035 |a 42436 
040 |a OSU  |c OSU  |d VPI  |d UtOrBLW 
049 |a TMVM  |c 1 
096 |a HV 6652  |b D675h 1999 
100 1 |a Donald, J. Amelita. 
245 1 0 |a Horse theft :  |b prevention handbook /  |c J. Amelita Donald. 
250 |a First edition. 
264 1 |a Lexington, KY :  |b The Blood Horse, Inc.,  |c 1999. 
300 |a 62 pages :  |b illustrations ;  |c 21 cm. 
336 |a text  |2 rdacontent  |b txt 
337 |a unmediated  |2 rdamedia 
338 |a volume  |2 rdacarrier  |b nc 
490 1 |a Horse health care library 
650 2 |a Horses. 
650 2 |a Theft. 
830 0 |a Horse health care library. 
999 |a MARS 
999 f f |s 30e4776b-b821-341d-b3f6-073651411be1  |i 0a6680c2-8bc2-3cba-af73-979ffda8299a  |t 0 
952 f f |p ric  |a Texas A&M University  |b Rellis Campus  |c Joint Library Facility  |d Remote Storage  |t 0  |e HV 6652 D675h 1999  |h National Library of Medicine classification  |i unmediated -- volume  |m 323890131978B 
998 f f |a HV 6652 D675h 1999  |t 0  |l Remote Storage